000 00617nam a2200193 4500
999 _c165736
_d165736
005 20190628131536.0
010 _aENG-125808
020 _a9789388028394
_c695.00
035 _aEN-109340
037 _bDBAD/PUB
082 _a004.36
100 _aFokkink, Wan
245 _aDistributed algorithms :
_ban intuitive approach /
_cby Wan Fokkink /
260 _aDelhi
_bPHI learning
_c2019
270 _aRimjhim House, 111 Patparganj Industrial Estate
_bDelhi
_e110092
300 _axii,254p.
_c24cm(pbk)
500 _aIncludes bibliographical references and index
942 _2ddc
_cEN
_h004.36
_mFOR